Φθινοπωρινές πνοές : στοχασμοί, ποιητική συλλογή, επιστολαί
Αποθηκεύτηκε σε:
| Κύριος συγγραφέας: | |
|---|---|
| Μορφή: | Βιβλίο |
| Γλώσσα: | Greek |
| Δημοσίευση: |
Αθήναι :
τύποις Ευσταθίου Δ. Δριβοπούλου,
1962.
|
| Θέματα: | |
| Ετικέτες: |
Προσθήκη ετικέτας
Δεν υπάρχουν, Καταχωρήστε ετικέτα πρώτοι!
|
MARC
| LEADER | 00000cam a2200000 a 4500 | ||
|---|---|---|---|
| 001 | 1/120011 | ||
| 008 | 190925s1962####gr | ||| |||| ||gre|| | ||
| 040 | |a GR-MyUa |b gre |c GR-MyUa |e AACR2 | ||
| 041 | 0 | |a gre | |
| 082 | 7 | |a 889.8 |2 (23) | |
| 100 | 1 | |a Κωλέττης, Μανώλης Δ., |d 1932-1957. | |
| 245 | 1 | 0 | |a Φθινοπωρινές πνοές : |b στοχασμοί, ποιητική συλλογή, επιστολαί / |c Μανώλη Δ. Κωλέττη ; πρόλογος, εισαγωγή, το πιστεύω του, υπομνήματα, επίμετρο, επιμέλεια του πατέρα του, Γυμνασιάρχου. |
| 260 | |a Αθήναι : |b τύποις Ευσταθίου Δ. Δριβοπούλου, |c 1962. | ||
| 300 | |a 266 σ. : |b φωτ. ; |c 24 εκ. | ||
| 650 | 0 | |a Greek literature, Modern |y 20th century. | |
| 650 | 0 | |a Greek poetry, Modern |y 20th century. | |
| 852 | |a INST |b RHODES |c AKA |e 20190925 |h 889.8 ΚΩΛ |p 005400041147 |q 005400041147 |t BK |y 0 | ||
| 920 | |a Ακαδημία Ρόδου |y Ρόδος |z 2019-09 | ||
| 970 | |z 25-09-2019 | ||